| 000 | 00000nam 2200000zi 4500 |
| 001 | 9.867883 |
| 003 | CaOODSP |
| 005 | 20221107162430 |
| 006 | m o d f |
| 007 | cr ||||||||||| |
| 008 | 190201s2019 onca #o f000 0 eng d |
| 040 | |aCaOODSP|beng|erda|cCaOODSP |
| 043 | |an-cn--- |
| 086 | 1 |aYN5-169/2019E-PDF |
| 100 | 1 |aJacques, Jason, |eauthor. |
| 245 | 10|aCanada's purchase of the Trans Mountain Pipeline : |bfinancial and economic considerations. |
| 264 | 1|aOttawa, Canada : |bOffice of the Parliamentary Budget Officer = Bureau du directeur parlementaire du budget, |c2019. |
| 300 | |a1 online resource (20 pages) : |billustrations |
| 336 | |atext|btxt|2rdacontent |
| 337 | |acomputer|bc|2rdamedia |
| 338 | |aonline resource|bcr|2rdacarrier |
| 500 | |aCover title. |
| 500 | |a"31 January 2019." |
| 500 | |a"This report was prepared under the direction of: Jason Jacques, Senior Director, Costing and Budgetary Analysis." |
| 500 | |aIssued also in French under title: Achat du pipeline Trans Mountain par le Canada: considérations financières et économiques. |
| 504 | |aIncludes hyperlink references. |
| 520 | 0 |a"The Fall Economic Statement 2018 outlined the Government of Canada’s $4.4 billion purchase of the Trans Mountain Pipeline, Trans Mountain Expansion Project, and related assets in August 2018. This report provides a financial valuation of the purchased assets, estimates the valuation’s sensitivity to several key factors, and projects the economic impact of the Expansion Project’s construction activities"--Provided by publisher. |
| 692 | 07|2gccst|aPipelines |
| 692 | 07|2gccst|aPurchasing |
| 710 | 1 |aCanada. |bOffice of the Parliamentary Budget Officer. |
| 775 | 08|tAchat du pipeline Trans Mountain par le Canada : |w(CaOODSP)9.867905 |
| 794 | |tCanada's purchase of the Trans Mountain Pipeline : |w(CaOODSP)9.868862 |
| 856 | 40|qPDF|s714 KB|uhttps://publications.gc.ca/collections/collection_2019/dpb-pbo/YN5-169-2019-eng.pdf |